Fourier transforms in the complex domain / (Record no. 50737)
[ view plain ]
| 000 -LEADER | |
|---|---|
| fixed length control field | 01166nam a2200313 a 4500 |
| 001 - CONTROL NUMBER | |
| control field | 50737 |
| 003 - CONTROL NUMBER IDENTIFIER | |
| rucl marc code | BD-RjUL |
| 005 - DATE AND TIME OF LATEST TRANSACTION | |
| control field | 20211209075545.0 |
| 008 - FIXED-LENGTH DATA ELEMENTS--GENERAL INFORMATION | |
| fixed length control field | 160828r19601934nyuca 001 0 eng d |
| 035 ## - SYSTEM CONTROL NUMBER | |
| System control number | (BD-RjUL)50857 |
| 040 ## - CATALOGING SOURCE | |
| Original cataloging agency | BD-RjUL |
| Language of cataloging | eng |
| Transcribing agency | BD-RjUL |
| Modifying agency | BD-RjUL |
| 041 ## - LANGUAGE CODE | |
| Language code of text/sound track or separate title | eng |
| 082 ## - DEWEY DECIMAL CLASSIFICATION NUMBER | |
| Edition number | 23 |
| Classification number | 515.723 |
| Author mark and year | PAF 1960 |
| 100 1# - MAIN ENTRY--PERSONAL NAME | |
| Personal name | Paley, Raymond Edward Alan Christopher, |
| Dates associated with a name | 1907-1933. |
| 9 (RLIN) | 151902 |
| 245 10 - TITLE STATEMENT | |
| Title | Fourier transforms in the complex domain / |
| Statement of responsibility, etc. | by Raymond E.A.C. Paley and Norbert Wiener |
| 260 ## - PUBLICATION, DISTRIBUTION, ETC. (IMPRINT) | |
| Place of publication, distribution, etc. | New York : |
| Name of publisher, distributor, etc. | American Mathematical Society, |
| Date of publication, distribution, etc. | 1934, [Reprinted 1960] |
| 300 ## - PHYSICAL DESCRIPTION | |
| Pagination | viii, 184 p. : |
| Illustrations | ill. ; |
| Size | 26 cm. |
| 490 1# - SERIES STATEMENT | |
| Series statement | Colloquium publications (American Mathematical Society) ; |
| Volume/sequential designation | Vol. XIX |
| 504 ## - BIBLIOGRAPHY, ETC. NOTE | |
| Bibliography, etc | Bibliography: p.179-181 & index |
| 650 #0 - SUBJECT ADDED ENTRY--TOPICAL TERM | |
| Topical term or geographic name as entry element | Fourier series |
| 9 (RLIN) | 138798 |
| Topical term or geographic name as entry element | Functions |
| 9 (RLIN) | 151903 |
| Topical term or geographic name as entry element | Functions |
| General subdivision | Exponential |
| 9 (RLIN) | 151904 |
| Topical term or geographic name as entry element | Harmonic analysis |
| 9 (RLIN) | 151905 |
| Topical term or geographic name as entry element | Integral equations |
| 9 (RLIN) | 151906 |
| 700 1# - ADDED ENTRY--PERSONAL NAME | |
| Personal name | Wiener, Norbert, joint author |
| Dates associated with a name | 1894-1964. |
| 830 #0 - SERIES ADDED ENTRY--UNIFORM TITLE | |
| Uniform title | Colloquium publications (American Mathematical Society) ; |
| Volume number/sequential designation | Vol. XIX |
| 942 ## - ADDED ENTRY ELEMENTS (KOHA) | |
| Source of classification or shelving scheme | Dewey Decimal Classification |
| Koha item type | Books |
| Lost status | Source of classification or shelving scheme | Damaged status | Not for loan | Collection code | Permanent Location | Current Location | Shelving location | Date acquired | Source of acquisition | Cost, normal purchase price | Total Checkouts | Full call number | Date last seen | Copy number | Koha item type |
|---|---|---|---|---|---|---|---|---|---|---|---|---|---|---|---|
| Dewey Decimal Classification | Non-fiction | Central Library, University of Rajshahi | Central Library, University of Rajshahi | 31/10/1962 | Zeitlinger | 42.00 | 515.723 PAF 1960 | 28/08/2016 | C-2 | Books |